000 00669nam a2200205 a 4500
001 000006355
005 20250225115302.0
008 090828s1977 dr 001 0 spa d
040 _aDO-SdBNP
_bspa
_cBNPHU
082 _a370.7
_bL554t
100 1 _aLemke, Donal A.
_917688
245 1 0 _aTécnicas de investigación en educación /
_cDonal A. Lemke.
260 _aSanto Domingo :
_bPerfil,
_c1977.
300 _a257 p. :
_bil., tablas. ;
_c21 cm.
590 _aInventariado, 2018/LP
650 4 _aEducación
_xInvestigaciones
_913089
650 0 _a Ciencia -
_xMetodología
_93
650 4 _aProyectos de investigación
_912
910 _aValidado. Control de la calidad EMS
999 _c6150
_d6150